| 000 | 00943nam a2200265Ia 4500 | ||
|---|---|---|---|
| 005 | 20220317000608.0 | ||
| 008 | 160601s9999 xx 000 0 und d | ||
| 020 | _a848316003X | ||
| 082 | 0 | 4 |
_a158.2 _bV66j |
| 100 | 1 | _aVopel, Klaus W. | |
| 245 | 1 | 0 |
_aJuegos de interacción para adolescentes, jóvenes y adultos 8 _brelaciones interpersonales, feed-back, cooperación, roles _cKlaus W. Vopel ; traducido por Jesús Carilla |
| 250 | _a4a. edición | ||
| 300 |
_a192 páginas _bilustraciones _c20 cm |
||
| 650 | 1 | 4 |
_2LEMB _aPsicología |
| 650 | 1 | 4 |
_2LEMB _aInteracción social |
| 650 | 1 | 4 |
_2LEMB _aRelaciones humanas |
| 650 | 1 | 4 |
_2LEMB _aRelaciones interpersonales |
| 700 | 1 |
_aCarilla, Jesús _etraductor _949914 |
|
| 942 |
_2ddc _cBK |
||
| 264 |
_aMadrid _bCCS _c2001 |
||
| 336 |
_atexto _btxt _2rdacontent |
||
| 337 |
_asin mediación _bn _2rdamedia |
||
| 338 |
_avolumen _bnc _2rdacarrier |
||
| 040 |
_aCO-BoRNBP _bspa _erda _cCO-BoRNBP |
||
| 999 |
_c4508 _d4508 |
||